Ciencias Sociales en América Latina y el Caribe

Gorde:
Xehetasun bibliografikoak
Erakunde egilea: CLACSO
Formatua: Texto
Argitaratua: Buenos Aires: CENEDIC. CLACSO
Etiketak: Etiketa erantsi
Etiketarik gabe, Izan zaitez lehena erregistro honi etiketa jartzen!

MARC

LEADER 00000 a a2200000 04500
001 29873
003
040
090 |a 194115  |b RECURSO ELECTRONICO  
110 |a CLACSO  
245 |a Ciencias Sociales en América Latina y el Caribe  
260 |a Buenos Aires:   |b CENEDIC. CLACSO  
500 |a También impreso No. de acceso 14560Debe ser instaladoTambién impreso No. de acceso 14560Debe ser instalado  
999 |c 2056  |d 2056